[Event "Mondiale Lampo FIDE 2017"]
[Site "Riyadh"]
[Date "29.12.2017"]
[Round "2.6"]
[White "Andriasian, Zaven"]
[Black "Anton Guijarro, David"]
[Result "1/2-1/2"]
[WhiteTitle "GM"]
[BlackTitle "GM"]
[WhiteElo "2585"]
[BlackElo "2666"]
[WhiteFideId "13302000"]
[BlackFideId "2285525"]
[EventDate "2017.12.29"]

1. e4 e5 2. Nf3 Nc6 3. Bc4 Bc5 4. O-O Nf6 5. d3 h6 6. c3 d6 7. Nbd2 a5 8. Bb3
O-O 9. h3 Be6 10. Bc2 d5 11. exd5 Qxd5 12. Re1 Rfe8 13. Qe2 Rad8 14. Ne4 Nxe4
15. dxe4 Qc4 16. Qxc4 Bxc4 17. Bb3 Bxb3 18. axb3 Rd3 19. Kf1 Red8 20. Ke2 b6 21.
Nd2 f6 22. Nc4 Kf7 23. Ne3 Bxe3 24. Bxe3 h5 25. h4 Ke6 26. Rg1 R3d7 27. f3 Ne7
28. g3 Rd6 29. Raf1 R6d7 30. Rh1 Nc8 31. Rhg1 1/2-1/2

[Event "Mondiale Lampo FIDE 2017"]
[Site "Riyadh"]
[Date "29.12.2017"]
[Round "2.8"]
[White "Fedoseev, Vladimir3"]
[Black "Yu, Yangyi"]
[Result "0-1"]
[WhiteTitle "GM"]
[BlackTitle "GM"]
[WhiteElo "2718"]
[BlackElo "2751"]
[WhiteFideId "24130737"]
[BlackFideId "8603820"]
[EventDate "2017.12.29"]

1. f4 d5 2. Nf3 Nf6 3. e3 g6 4. b4 Bg7 5. Bb2 O-O 6. a4 c6 7. c4 Bg4 8. Na3 Nbd7
9. Be2 a5 10. b5 Nb6 11. c5 Nbd7 12. d4 Ne4 13. Rb1 Qc8 14. O-O b6 15. cxb6 Nxb6
16. Rc1 c5 17. h3 Bxf3 18. Bxf3 Qe6 19. Re1 Rfc8 20. Qb3 Nd2 21. Qd1 Nxf3+ 22.
Qxf3 Nxa4 23. Ba1 Qd6 24. Nc2 c4 25. e4 dxe4 26. Qxe4 e6 27. Ne3 c3 28. d5 Nc5
29. Qc4 a4 30. dxe6 Nxe6 31. Qd5 Qxf4 32. b6 Rab8 33. Kh1 Rxb6 34. Qa5 Rbc6 35.
Nd5 Qd6 36. Nxc3 Qc7 37. Qxa4 Bxc3 0-1

[Event "Mondiale Lampo FIDE 2017"]
[Site "Riyadh"]
[Date "29.12.2017"]
[Round "2.9"]
[White "Georgiev, Kiril"]
[Black "Kravtsiv, Martyn"]
[Result "1/2-1/2"]
[WhiteTitle "GM"]
[BlackTitle "GM"]
[WhiteElo "2623"]
[BlackElo "2672"]
[WhiteFideId "2900017"]
[BlackFideId "14113147"]
[EventDate "2017.12.29"]

1. d4 Nf6 2. Nf3 e6 3. Bf4 b6 4. e3 Bb7 5. c4 Be7 6. h3 d5 7. Nc3 O-O 8. Be2 c5
9. dxc5 Bxc5 10. O-O Qe7 11. a3 Rd8 12. cxd5 Nxd5 13. Nxd5 Bxd5 14. Qc2 a5 15.
Ng5 g6 16. Ne4 Nd7 17. Bf3 Rac8 18. Qe2 e5 19. Bg3 Bxe4 20. Bxe4 Qe6 21. Rfd1
Nf6 22. Bc2 Kg7 23. Rxd8 Rxd8 24. Rd1 Rc8 25. Qb5 e4 26. Bb3 Qf5 27. Qc4 Nh5 28.
Qc3+ f6 29. Rd5 Nxg3 30. fxg3 Bd6 31. Rxf5 Rxc3 32. bxc3 gxf5 33. a4 Bxg3 34.
Kf1 Kg6 35. Be6 f4 36. Ke2 f5 37. c4 Kf6 38. Bd7 Ke5 39. Bc8 h5 40. Bd7 h4 41.
Bc8 Bh2 42. exf4+ Bxf4 43. Bd7 Bg5 44. Bc8 Be7 45. Bd7 Bc5 46. Bc8 f4 47. Bb7
Kd4 48. Bc6 Bd6 49. Bb7 Bc7 50. Bc6 Be5 51. Bb7 Bf6 52. Bc6 Be7 53. Bb7 Bc5 54.
Bc6 e3 55. Bb5 Kc3 56. Ba6 Bd6 57. Bb5 Kb3 58. Kd3 Bc5 59. Ke2 Kc2 60. Ba6 Bd4
61. Bb5 Kb3 62. Kd3 Bc3 63. Ke2 Bb4 64. Kd3 Bc5 65. Ke2 Bf8 66. Kd3 Bh6 67. Ke2
Kc3 68. Ba6 f3+ 69. gxf3 Bf4 70. Bb5 Kd4 1/2-1/2

[Event "Mondiale Lampo FIDE 2017"]
[Site "Riyadh"]
[Date "29.12.2017"]
[Round "2.10"]
[White "Riazantsev, Alexander"]
[Black "Bacrot, Etienne"]
[Result "0-1"]
[WhiteTitle "GM"]
[BlackTitle "GM"]
[WhiteElo "2650"]
[BlackElo "2725"]
[WhiteFideId "4125029"]
[BlackFideId "605506"]
[EventDate "2017.12.29"]

1. d4 d5 2. c4 e6 3. Nc3 Be7 4. cxd5 exd5 5. Bf4 c6 6. e3 Bf5 7. Nge2 Nd7 8. h3
Ngf6 9. Ng3 Bg6 10. Bd3 Bxd3 11. Qxd3 O-O 12. Nf5 Re8 13. O-O Bf8 14. f3 Qb6 15.
b3 c5 16. Na4 Qe6 17. dxc5 Nxc5 18. Nxc5 Bxc5 19. Rac1 Rac8 20. Rfd1 a6 21. Kh1
h6 22. Rc2 Ba3 23. Nd4 Qe7 24. Qf5 Rxc2 25. Qxc2 Bb4 26. Rc1 Ba3 27. Rd1 Bb4 28.
a4 Qd7 29. Qf5 Qxf5 30. Nxf5 Kh7 31. Rc1 g6 32. Nxh6 Kg7 33. Ng4 Nh5 34. Be5+ f6
35. Bd4 Re7 36. Rc2 Kf7 37. Kg1 Bd6 38. Nf2 Ng3 39. Nd3 Nf5 40. Kf2 Bg3+ 41. Kf1
Rxe3 42. Rd2 Nxd4 43. Rd1 Nxb3 44. Nb4 d4 45. Nd5 Nd2+ 46. Kg1 Re1+ 47. Rxe1
Bxe1 48. Nf4 Nc4 49. Nd3 Bc3 50. Kf1 b6 51. Ke2 Nb2 52. Nf4 Nxa4 53. Nd5 b5 54.
h4 Nc5 0-1

[Event "Mondiale Lampo FIDE 2017"]
[Site "Riyadh"]
[Date "29.12.2017"]
[Round "2.11"]
[White "Amonatov, Farrukh"]
[Black "Bu, Xiangzhi"]
[Result "1-0"]
[WhiteTitle "GM"]
[BlackTitle "GM"]
[WhiteElo "2636"]
[BlackElo "2730"]
[WhiteFideId "14700077"]
[BlackFideId "8601445"]
[EventDate "2017.12.29"]

1. e4 e5 2. Nf3 Nc6 3. Bc4 Bc5 4. c3 Nf6 5. d4 exd4 6. e5 d5 7. Bb5 Ne4 8. cxd4
Bb6 9. Nc3 O-O 10. Be3 Bg4 11. h3 Bh5 12. Qc2 Bg6 13. Qb3 Ne7 14. O-O c6 15. Bd3
Nd2 16. Nxd2 Bxd3 17. Rfe1 Bg6 18. Na4 Nf5 19. Nf3 Re8 20. Rad1 Nxe3 21. Rxe3
Rb8 22. Nxb6 Qxb6 23. Qc3 a5 24. a3 a4 25. Nh4 Qd8 26. Nxg6 hxg6 27. f4 Ra8 28.
Rf1 Qa5 29. Qc2 Qb6 30. Qd2 Ra5 31. f5 Rb5 32. fxg6 fxg6 33. Re2 c5 34. Qf4 Qe6
35. dxc5 Rxc5 36. Qxa4 Rc4 37. Qb3 Re4 38. Rxe4 dxe4 39. Qxe6+ Rxe6 40. Kf2 Rb6
41. b4 Kf7 42. Ke3+ Ke6 43. Kxe4 Rc6 44. Kd4 Rc2 45. g4 Rd2+ 46. Kc5 Ra2 47. Rf3
Kxe5 48. Kb6 Ke4 49. Rb3 Kd5 50. Kxb7 Kc4 51. Rg3 Kb5 52. Re3 Ka4 53. Ka6 Rb2
54. b5 1-0

[Event "Mondiale Lampo FIDE 2017"]
[Site "Riyadh"]
[Date "29.12.2017"]
[Round "2.13"]
[White "Socko, Bartosz"]
[Black "Pantsulaia, Levan"]
[Result "1-0"]
[WhiteTitle "GM"]
[BlackTitle "GM"]
[WhiteElo "2593"]
[BlackElo "2612"]
[WhiteFideId "1107038"]
[BlackFideId "13602071"]
[EventDate "2017.12.29"]

1. d4 Nf6 2. c4 c5 3. d5 e6 4. Nc3 exd5 5. cxd5 d6 6. Nf3 g6 7. g3 Bg7 8. Bg2
O-O 9. O-O Re8 10. Re1 h6 11. e4 Bg4 12. Qb3 Na6 13. Nd2 Nb4 14. Nc4 Nd3 15. Re3
Nxc1 16. Rxc1 Rb8 17. a4 h5 18. Nb5 Bf8 19. Nbxd6 Bxd6 20. e5 Bf8 21. exf6 Qxf6
22. Rxe8 Rxe8 23. Qxb7 Re2 24. Rf1 h4 25. h3 hxg3 26. fxg3 Qd4+ 27. Kh1 Bf5 28.
b3 Qd3 29. d6 Qxg3 30. Qf3 Rxg2 31. Qxg2 Qxb3 32. Rxf5 Qxc4 33. d7 Be7 34. Rd5
Bd8 35. Rd1 Qxa4 36. Qe2 Qc6+ 37. Kg1 Qb6 38. Qe8+ Kg7 39. Qe5+ Bf6 40. Qxf6+
Qxf6 41. d8=Q Qf4 42. Qd3 c4 43. Qd4+ 1-0

[Event "Mondiale Lampo FIDE 2017"]
[Site "Riyadh"]
[Date "29.12.2017"]
[Round "2.14"]
[White "Volokitin, Andrei"]
[Black "Bortnyk, Olexandr"]
[Result "0-1"]
[WhiteTitle "GM"]
[BlackTitle "GM"]
[WhiteElo "2628"]
[BlackElo "2610"]
[WhiteFideId "14107090"]
[BlackFideId "14120828"]
[EventDate "2017.12.29"]

1. e4 d6 2. d4 Nf6 3. Nc3 Nbd7 4. f4 e5 5. Nf3 exd4 6. Nxd4 g6 7. Be2 Bg7 8. O-O
O-O 9. Bf3 Re8 10. h3 c6 11. Kh1 Qc7 12. a4 a5 13. b3 Nc5 14. Re1 Bd7 15. Ba3
Rad8 16. Qd2 b6 17. Rad1 Re7 18. e5 dxe5 19. Nxc6 Rde8 20. Nxe7+ Rxe7 21. Qd6
Qxd6 22. Rxd6 e4 23. Rxb6 exf3 24. Rxe7 f2 25. Rb8+ Bf8 26. Rxf8+ Kxf8 27. Bxc5
f1=Q+ 28. Kh2 Qxf4+ 29. Kh1 Kg8 30. Re3 0-1

[Event "Mondiale Lampo FIDE 2017"]
[Site "Riyadh"]
[Date "29.12.2017"]
[Round "2.15"]
[White "Short, Nigel D"]
[Black "Cheparinov, Ivan"]
[Result "1-0"]
[WhiteTitle "GM"]
[BlackTitle "GM"]
[WhiteElo "2678"]
[BlackElo "2710"]
[WhiteFideId "400025"]
[BlackFideId "2905540"]
[EventDate "2017.12.29"]

1. e4 e5 2. Nf3 Nc6 3. Nc3 Nf6 4. h3 d5 5. exd5 Nxd5 6. Bb5 Nxc3 7. bxc3 Bd6 8.
O-O O-O 9. d4 exd4 10. cxd4 Bf5 11. c4 Qf6 12. Be3 a6 13. Bxc6 bxc6 14. c5 Be7
15. Bg5 Qe6 16. Re1 Be4 17. Bxe7 Qxe7 18. Nd2 f5 19. f3 Rad8 20. fxe4 Rxd4 21.
Qc2 f4 22. Nf3 Rdd8 23. Rad1 1-0

[Event "Mondiale Lampo FIDE 2017"]
[Site "Riyadh"]
[Date "29.12.2017"]
[Round "2.16"]
[White "Movsesian, Sergei"]
[Black "Rakhmanov, Aleksandr"]
[Result "1-0"]
[WhiteTitle "GM"]
[BlackTitle "GM"]
[WhiteElo "2647"]
[BlackElo "2653"]
[WhiteFideId "310204"]
[BlackFideId "4173708"]
[EventDate "2017.12.29"]

1. e4 c5 2. Nc3 Nc6 3. Nf3 Nd4 4. Bc4 Nxf3+ 5. Qxf3 e6 6. O-O Ne7 7. d3 Nc6 8.
Qg3 a6 9. a4 Nd4 10. Bf4 d6 11. Rac1 h6 12. Rfe1 b6 13. Nd1 Nc6 14. c3 Ra7 15.
Ba2 Rd7 16. Be3 Bb7 17. d4 Ne7 18. Bb1 g6 19. f4 Bg7 20. f5 exf5 21. exf5 g5 22.
Rf1 Nd5 23. Nf2 O-O 24. Ng4 Nf6 25. Nxf6+ Qxf6 26. Rce1 Re7 27. Bf2 Rfe8 28.
Rxe7 Rxe7 29. dxc5 bxc5 30. Rd1 Re5 31. Qg4 Qe7 32. Bd3 Bf6 33. h4 Kg7 34. hxg5
hxg5 35. a5 d5 36. b4 cxb4 37. Qxb4 Qxb4 38. cxb4 Re7 39. Bc5 Rc7 40. Kf2 Bc3
41. Be2 d4 42. Bxd4+ Bxd4+ 43. Rxd4 Rc2 44. g4 Rb2 45. Ke3 Kf6 46. Rd6+ Ke5 47.
Rb6 Rb3+ 48. Kd2 Rb2+ 49. Ke1 Be4 50. b5 Kf4 51. bxa6 Ra2 52. a7 Rxa5 53. Ra6
Rxa6 54. Bxa6 Kxg4 55. f6 Kf4 56. Kf2 g4 57. Bf1 g3+ 58. Kg1 1-0

[Event "Mondiale Lampo FIDE 2017"]
[Site "Riyadh"]
[Date "29.12.2017"]
[Round "2.18"]
[White "Khismatullin, Denis"]
[Black "Miton, Kamil"]
[Result "1/2-1/2"]
[WhiteTitle "GM"]
[BlackTitle "GM"]
[WhiteElo "2632"]
[BlackElo "2584"]
[WhiteFideId "4142578"]
[BlackFideId "1111914"]
[EventDate "2017.12.29"]

1. Nf3 d5 2. c4 c6 3. e3 Nf6 4. Nc3 e6 5. b3 Nbd7 6. Bb2 Bd6 7. d4 O-O 8. Bd3 e5
9. cxd5 cxd5 10. dxe5 Nxe5 11. h3 a6 12. O-O Re8 13. Rc1 Bd7 14. Bb1 Nxf3+ 15.
Qxf3 Be5 16. Rfd1 Bc6 17. Qf5 Qe7 18. Rd2 g6 19. Qg5 Ne4 20. Qxe7 Rxe7 21. Bxe4
dxe4 22. Ne2 Bxb2 23. Rxb2 Bb5 24. Nd4 Bd3 25. b4 Kg7 26. Rb3 a5 27. a4 axb4 28.
Rxb4 Ra5 29. Rc8 h5 30. h4 Ra7 31. Kh2 Ra6 32. Kg3 Ra7 33. Rc5 Ra6 34. Kf4 Rf6+
35. Kg3 Ra6 36. a5 Ra7 37. Rb6 Ra8 38. Kf4 Ba6 39. Rd6 Bd3 40. Rg5 Kf8 41. Rc5
Kg7 42. Kg3 Ra6 43. Rxa6 bxa6 44. Kf4 Rb7 45. Kg3 Rb2 46. Re5 Ra2 47. Rc5 Kf6
48. Rc6+ Kg7 49. Rc5 Kf6 50. Rc6+ Kg7 51. Rc5 1/2-1/2

[Event "Mondiale Lampo FIDE 2017"]
[Site "Riyadh"]
[Date "29.12.2017"]
[Round "2.19"]
[White "Halkias, Stelios"]
[Black "Vallejo Pons, Francisco"]
[Result "1/2-1/2"]
[WhiteTitle "GM"]
[BlackTitle "GM"]
[WhiteElo "2571"]
[BlackElo "2707"]
[WhiteFideId "4201809"]
[BlackFideId "2205530"]
[EventDate "2017.12.29"]

1. Nf3 d5 2. d4 Nf6 3. c4 dxc4 4. Nc3 a6 5. e4 b5 6. e5 Nd5 7. a4 e6 8. axb5 Nb6
9. Be3 Be7 10. Be2 Bb7 11. bxa6 Rxa6 12. Rxa6 Nxa6 13. O-O O-O 14. Nd2 Bd5 15.
Nde4 Nb4 16. Nxd5 N4xd5 17. Qc2 Qa8 18. Bg5 h6 19. Bd2 Qa2 20. Rc1 Rb8 21. Nc3
Nxc3 22. bxc3 Ra8 23. g3 Ra4 24. Be3 Bg5 25. f4 Be7 26. Bf2 g6 27. Kg2 h5 28. h3
Nd5 29. Qxa2 Rxa2 30. Kf3 Ba3 31. Rb1 Kg7 32. Bxc4 Rc2 33. Bxd5 1/2-1/2

[Event "Mondiale Lampo FIDE 2017"]
[Site "Riyadh"]
[Date "29.12.2017"]
[Round "2.20"]
[White "Al-Sayed, Mohammed"]
[Black "Bocharov, Dmitry"]
[Result "0-1"]
[WhiteTitle "GM"]
[BlackTitle "GM"]
[WhiteElo "2511"]
[BlackElo "2583"]
[WhiteFideId "12100196"]
[BlackFideId "4138716"]
[EventDate "2017.12.29"]

1. d4 Nf6 2. Bg5 e6 3. Nd2 c5 4. e3 Nc6 5. c3 Be7 6. Bd3 b6 7. Ngf3 Bb7 8. Qe2
cxd4 9. exd4 Nd5 10. Bxe7 Ncxe7 11. g3 O-O 12. O-O a6 13. Rfe1 h6 14. Rad1 b5
15. Nf1 Qb6 16. Ne3 Rac8 17. a3 Rc7 18. Nxd5 Bxd5 19. Bb1 Rfc8 20. Qd3 Bxf3 21.
Qxf3 Nd5 22. Qd3 Nf6 23. d5 a5 24. dxe6 dxe6 25. Qd6 Rc6 26. Qd4 Qc7 27. Qe5 Qb6
28. Qd4 Rc5 29. Qd6 Qb7 30. Qd8+ Ne8 31. Qxa5 Qb8 32. Qb4 Nf6 33. Qd4 h5 34. Qd6
Qa8 35. Rd4 Rc4 36. Red1 h4 37. gxh4 g6 38. Qf4 Nh5 39. Qe4 Qb8 40. Qe3 Nf4 41.
Rxc4 bxc4 42. Rd4 e5 43. Rd2 Rd8 44. Be4 Rd6 45. a4 Qxb2 46. Qxf4 Qxd2 47. Qxd2
Rxd2 48. Bc6 Rc2 49. a5 Rxc3 50. a6 Ra3 0-1

[Event "Mondiale Lampo FIDE 2017"]
[Site "Riyadh"]
[Date "29.12.2017"]
[Round "2.21"]
[White "Akobian, Varuzhan"]
[Black "Fedorchuk, Sergey A."]
[Result "1-0"]
[WhiteTitle "GM"]
[BlackTitle "GM"]
[WhiteElo "2647"]
[BlackElo "2648"]
[WhiteFideId "13300580"]
[BlackFideId "14102536"]
[EventDate "2017.12.29"]

1. d4 Nf6 2. c4 e6 3. Nf3 b6 4. g3 Bb4+ 5. Nbd2 Bb7 6. Bg2 c5 7. dxc5 Bxc5 8.
O-O O-O 9. b3 d5 10. Bb2 Nbd7 11. Rc1 Rc8 12. e3 Qe7 13. cxd5 Bxd5 14. Nc4 Ne4
15. Nfd2 Ndf6 16. Nxe4 Nxe4 17. Qg4 f5 18. Qe2 Qb7 19. Rfd1 Nc3 20. Bxc3 Bxg2
21. Ne5 Bd5 22. h4 Bd6 23. e4 fxe4 24. Ng4 e3 25. Nxe3 Bf3 26. Qd3 Bxd1 27. Rxd1
Bc5 28. Qe2 Rf7 29. Bd4 Qf3 30. Qe1 Bxd4 31. Rxd4 Rcf8 32. Rd2 Qe4 33. Qc1 h6
34. Ng2 Rf3 35. Qb2 R8f7 36. Kh2 Qf5 37. Kg1 Qf6 38. Qc2 Rc3 39. Qd1 Rfc7 40.
Qe2 Rc1+ 41. Kh2 Rf7 42. Nf4 Rc6 43. Qe4 e5 44. Nd5 Qe6 45. Kg2 Rd6 46. Rd3 Rfd7
47. Nf4 Qf6 48. Rxd6 Qxd6 49. Ng6 Qe6 50. h5 Rf7 51. Qa8+ 1-0

[Event "Mondiale Lampo FIDE 2017"]
[Site "Riyadh"]
[Date "29.12.2017"]
[Round "2.22"]
[White "Dzhumagaliev, Yan"]
[Black "Amin, Bassem"]
[Result "0-1"]
[WhiteTitle "FM"]
[BlackTitle "GM"]
[WhiteElo "2400"]
[BlackElo "2689"]
[WhiteFideId "24100110"]
[BlackFideId "10601457"]
[EventDate "2017.12.29"]

1. Nf3 Nf6 2. d4 g6 3. h4 Bg7 4. Nc3 d5 5. Bg5 h6 6. Bf4 Bf5 7. Nb5 Na6 8. e3 c6
9. Nc3 Nb4 10. Rc1 a5 11. a3 Na6 12. Bd3 Bg4 13. Be5 O-O 14. Be2 Nb8 15. Nd2
Bxe2 16. Qxe2 Nbd7 17. Bf4 a4 18. g4 Re8 19. g5 Nh5 20. gxh6 Nxf4 21. exf4 Bxd4
22. f5 gxf5 23. Nf3 Bf6 24. Rg1+ Kh8 25. Ng5 Rf8 26. Qh5 Qe8 27. Kf1 Ne5 28. Re1
e6 29. Ne2 Ng6 30. c3 Rg8 31. Nd4 Bxg5 32. hxg5 Qd7 33. Nf3 Qd6 34. Nh4 Kh7 35.
Re3 Qh2 36. Qd1 Qxh4 37. Ke1 e5 38. Qf3 Qf4 39. Qh3 d4 40. Rd3 dxc3 41. bxc3
Rad8 42. Rgg3 Qc1+ 43. Ke2 Nf4+ 0-1

[Event "Mondiale Lampo FIDE 2017"]
[Site "Riyadh"]
[Date "29.12.2017"]
[Round "2.24"]
[White "Meier, Georg"]
[Black "Al Jabri, Mohammed Ali"]
[Result "1-0"]
[WhiteTitle "GM"]
[WhiteElo "2650"]
[BlackElo "2154"]
[WhiteFideId "4675789"]
[BlackFideId "7604734"]
[EventDate "2017.12.29"]

1. Nf3 c5 2. g3 Nc6 3. Bg2 Nf6 4. c4 d5 5. cxd5 Nxd5 6. Nc3 Nb6 7. d3 e5 8. Be3
Bd6 9. Ne4 Nd4 10. Rc1 Qe7 11. Nfd2 O-O 12. Nxd6 Qxd6 13. Ne4 Qe7 14. Nxc5 Rd8
15. O-O Nd5 16. Bxd4 exd4 17. Qd2 b6 18. Nb3 Qf6 19. Rc4 Bb7 20. Nxd4 a6 21. e3
b5 22. Rc5 Rac8 23. Rfc1 Rxc5 24. Rxc5 Qe7 25. b4 h6 26. h3 Nf6 27. Nf5 Qd7 28.
Qc3 Bxg2 29. Kxg2 Qxd3 30. Nxh6+ gxh6 31. Qxf6 Qe4+ 32. Qf3 Qxf3+ 33. Kxf3 Rd2
34. a4 bxa4 35. Ra5 Ra2 36. Rxa6 a3 37. Rxh6 Rb2 38. Ra6 a2 39. b5 Kg7 40. b6
Kf6 41. b7+ Ke5 42. Rxa2 Rxb7 43. Ra5+ Kf6 44. h4 Rb8 45. g4 Kg6 46. h5+ Kh6 47.
Kg3 f6 48. Ra6 Kg7 49. Kf4 Rb4+ 50. e4 Rb5 51. f3 Rc5 52. Rd6 Ra5 53. Rd5 Ra3
54. Rd7+ Kh6 55. Rf7 Ra6 56. Rxf6+ Rxf6+ 57. Kg3 Ra6 58. Kh4 Rf6 59. g5+ 1-0

[Event "Mondiale Lampo FIDE 2017"]
[Site "Riyadh"]
[Date "29.12.2017"]
[Round "2.25"]
[White "Omar, Noaman"]
[Black "Vidit, Santosh Gujrathi"]
[Result "1/2-1/2"]
[WhiteTitle "IM"]
[BlackTitle "GM"]
[WhiteElo "2364"]
[BlackElo "2715"]
[WhiteFideId "9300244"]
[BlackFideId "5029465"]
[EventDate "2017.12.29"]

1. d4 Nf6 2. c4 e6 3. Nf3 d5 4. Nc3 Bb4 5. cxd5 exd5 6. Bg5 h6 7. Bh4 O-O 8. Qc2
c5 9. dxc5 g5 10. Bg3 Ne4 11. e3 Qa5 12. Bd3 Nxc3 13. O-O Ne4 14. a3 Bxc5 15. b4
Bxb4 16. axb4 Qxb4 17. Rfb1 Qe7 18. Bxb8 Rxb8 19. Rxa7 Qc5 20. Qxc5 Nxc5 21. Bb5
Bf5 22. Rd1 Be4 23. Nd4 Ra8 24. Rxa8 Rxa8 25. f3 Bg6 26. Ne2 Ne6 27. Nc3 Nc7 28.
Bf1 Ra3 29. Nxd5 Nxd5 30. Rxd5 Rxe3 31. Rd8+ Kg7 32. Rb8 Rb3 33. Kf2 h5 34. Rc8
Rb2+ 35. Ke3 h4 36. Rc7 b5 37. Rc5 b4 38. Rxg5 f5 39. Bd3 Kf6 40. Kf4 Rd2 41.
Bxf5 Bf7 42. Be4 b3 43. Rf5+ Kg7 44. Rb5 b2 45. Rb7 Kf6 46. Rb6+ Kg7 47. Rb7 Kf8
48. Rb8+ Ke7 49. Rb7+ Kf6 50. Rb6+ Kg7 51. Rb7 Kf8 52. Rb8+ 1/2-1/2

[Event "Mondiale Lampo FIDE 2017"]
[Site "Riyadh"]
[Date "29.12.2017"]
[Round "2.26"]
[White "Aronian, Levon"]
[Black "Rapport, Richard"]
[Result "0-1"]
[WhiteTitle "GM"]
[BlackTitle "GM"]
[WhiteElo "2805"]
[BlackElo "2707"]
[WhiteFideId "13300474"]
[BlackFideId "738590"]
[EventDate "2017.12.29"]

1. d4 e6 2. c4 b6 3. Nf3 Bb7 4. g3 Bb4+ 5. Bd2 Bxf3 6. exf3 Bxd2+ 7. Qxd2 Nc6 8.
f4 Qf6 9. d5 Nd4 10. Bg2 Rd8 11. Nc3 c5 12. O-O-O Nh6 13. Ne4 Qe7 14. Rhe1 Nhf5
15. Qc3 O-O 16. h4 Nd6 17. h5 Nxe4 18. Bxe4 Qf6 19. Kb1 Rb8 20. a4 a6 21. Qd3 h6
22. Qc3 d6 23. Bd3 exd5 24. cxd5 b5 25. axb5 axb5 26. Bc2 b4 27. Qd3 Nxc2 28.
Qxc2 b3 29. Qd3 Rb4 30. Re4 Rfb8 31. Rde1 Rxe4 32. Rxe4 Qf5 33. Kc1 Qxh5 34. Kd2
Qh1 35. Re1 Qg2 36. Re2 g6 37. f5 Rb4 38. Qe3 Qxd5+ 39. Ke1 Qxf5 40. Kf1 Kg7 41.
Kg1 Qd5 42. Qe7 Rd4 43. Kh2 Rd1 44. Re1 Rxe1 45. Qxe1 Qe5 46. Qd2 c4 47. f4 Qe4
48. Qc3+ Kg8 49. Qf6 d5 50. g4 Qe6 51. Qd8+ Kg7 52. f5 gxf5 53. gxf5 Qxf5 54.
Qc7 Qc2+ 55. Kh3 Qf5+ 56. Kh2 Qg5 57. Qc5 Qd2+ 58. Kh3 Qxb2 59. Qg1+ Kh7 60. Qe3
Qf6 61. Kh2 b2 62. Qe1 Qf5 0-1

[Event "Mondiale Lampo FIDE 2017"]
[Site "Riyadh"]
[Date "29.12.2017"]
[Round "2.27"]
[White "Ponkratov, Pavel"]
[Black "Karjakin, Sergey"]
[Result "0-1"]
[WhiteTitle "GM"]
[BlackTitle "GM"]
[WhiteElo "2613"]
[BlackElo "2760"]
[WhiteFideId "4157800"]
[BlackFideId "14109603"]
[EventDate "2017.12.29"]

1. g3 e5 2. c4 Nf6 3. Bg2 d5 4. cxd5 Nxd5 5. Nc3 Nb6 6. e3 Nc6 7. Nge2 h5 8. d4
h4 9. d5 Ne7 10. e4 hxg3 11. hxg3 Rxh1+ 12. Bxh1 Ng8 13. Be3 Nf6 14. Qc2 Bd7 15.
O-O-O Ng4 16. Qd3 Nxe3 17. Qxe3 Bd6 18. f4 Qe7 19. Kb1 O-O-O 20. Bf3 Kb8 21. Qd3
a6 22. f5 Rh8 23. Rh1 Rxh1+ 24. Bxh1 Qg5 25. Bf3 g6 26. g4 Qh4 27. b3 Qf2 28.
Nd1 Qe1 29. Nc1 Bb5 30. Qc3 Qf1 31. Qe3 Ba3 32. Be2 Qe1 33. Qc3 Qh1 34. Qf3 Qe1
35. Qc3 Qg1 36. Bxb5 Qxd1 37. Be2 Qg1 38. b4 Bxc1 39. Qxc1 Qd4 40. Qc2 Qxb4+ 41.
Kc1 g5 42. Bd3 Nd7 43. Bc4 Nf6 44. Qe2 Qc3+ 45. Kb1 Qb4+ 46. Kc2 Nxg4 47. Bb3
Nf6 48. Bc4 g4 49. d6 cxd6 50. Bxf7 Qxe4+ 51. Qxe4 Nxe4 52. Kd3 Nf6 53. Ke3 Kc7
54. Kf2 d5 55. Kg3 Kd6 56. Kh4 e4 57. Kg5 Ke5 0-1

[Event "Mondiale Lampo FIDE 2017"]
[Site "Riyadh"]
[Date "29.12.2017"]
[Round "2.31"]
[White "Bosiocic, Marin"]
[Black "Nepomniachtchi, Ian"]
[Result "0-1"]
[WhiteTitle "GM"]
[BlackTitle "GM"]
[WhiteElo "2624"]
[BlackElo "2729"]
[WhiteFideId "14507927"]
[BlackFideId "4168119"]
[EventDate "2017.12.29"]

1. d4 Nf6 2. Bg5 d5 3. e3 c5 4. c3 e6 5. Nd2 h6 6. Bh4 Nc6 7. Bd3 e5 8. dxe5
Nxe5 9. Bb5+ Bd7 10. Bxd7+ Nexd7 11. Ngf3 Be7 12. Qc2 O-O 13. O-O Re8 14. Rad1
Qb6 15. c4 Qe6 16. Rfe1 Rac8 17. Qb3 Nb6 18. Rc1 dxc4 19. Nxc4 Nxc4 20. Rxc4
Red8 21. Rec1 a6 22. a4 b5 23. axb5 axb5 24. Qxb5 Rb8 25. Qa4 Rxb2 26. Bxf6 Qxf6
27. h3 Qb6 28. Rf4 Rb1 29. Rc4 Qb2 30. Qc2 Rxc1+ 31. Qxc1 Qe2 0-1

[Event "Mondiale Lampo FIDE 2017"]
[Site "Riyadh"]
[Date "29.12.2017"]
[Round "2.32"]
[White "Artemiev, Vladislav"]
[Black "Moiseenko, Alexander"]
[Result "0-1"]
[WhiteTitle "GM"]
[BlackTitle "GM"]
[WhiteElo "2691"]
[BlackElo "2667"]
[WhiteFideId "24101605"]
[BlackFideId "14102560"]
[EventDate "2017.12.29"]

1. e4 c5 2. Nf3 Nc6 3. Bb5 d6 4. O-O Bd7 5. Re1 Nf6 6. c3 a6 7. Bf1 Bg4 8. h3
Bxf3 9. Qxf3 e6 10. d3 Be7 11. Nd2 O-O 12. Qd1 d5 13. e5 Nd7 14. Nf3 b5 15. g3
c4 16. d4 b4 17. Qa4 Qc7 18. Bd2 Rfb8 19. h4 bxc3 20. bxc3 Rb5 21. Ng5 Rab8 22.
Qc2 Nf8 23. Bc1 Qa5 24. a4 Rb3 25. Re3 h6 26. Nh3 Qb6 27. Re1 Rb1 28. Be3 Rxa1
29. Rxa1 Qb2 30. Qxb2 Rxb2 31. Nf4 Na5 32. Bg2 Rc2 33. Rc1 Rxc1+ 34. Bxc1 Nd7
35. Nxd5 exd5 36. Bxd5 Nb6 37. Be4 Nb3 38. Bf4 Nxa4 39. Bb7 Nxc3 40. d5 Ne2+ 41.
Kf1 Nxf4 42. gxf4 c3 0-1

[Event "Mondiale Lampo FIDE 2017"]
[Site "Riyadh"]
[Date "29.12.2017"]
[Round "2.33"]
[White "Leko, Peter"]
[Black "Esipenko, Andrey"]
[Result "1/2-1/2"]
[WhiteTitle "GM"]
[BlackTitle "FM"]
[WhiteElo "2691"]
[BlackElo "2564"]
[WhiteFideId "703303"]
[BlackFideId "24175439"]
[EventDate "2017.12.29"]

1. e4 c6 2. d4 d5 3. e5 Bf5 4. Nf3 e6 5. Be2 Ne7 6. O-O c5 7. c4 Nbc6 8. dxc5 d4
9. Qb3 Qc7 10. Na3 a6 11. Qa4 Rd8 12. b4 d3 13. Bd1 Ng6 14. Re1 Rd7 15. b5 Ncxe5
16. Nxe5 Nxe5 17. Bf4 f6 18. Bxe5 fxe5 19. c6 bxc6 20. bxc6 Rd4 21. Qxa6 Bxa3
22. Qxa3 Kf7 23. Qc5 Be4 24. f3 Bxc6 25. Rxe5 Rhd8 26. Ba4 Rxc4 27. Rf5+ exf5
28. Qxc4+ Kf8 29. Qc5+ Qd6 30. Qxd6+ Rxd6 31. Bxc6 Rxc6 32. Rd1 Rc2 33. Rxd3
Rxa2 1/2-1/2

[Event "Mondiale Lampo FIDE 2017"]
[Site "Riyadh"]
[Date "29.12.2017"]
[Round "2.35"]
[White "Harikrishna, Pentala"]
[Black "Howell, David W L"]
[Result "1-0"]
[WhiteTitle "GM"]
[BlackTitle "GM"]
[WhiteElo "2744"]
[BlackElo "2676"]
[WhiteFideId "5007003"]
[BlackFideId "410608"]
[EventDate "2017.12.29"]

1. e4 c6 2. Nf3 d5 3. Nc3 dxe4 4. Nxe4 Nf6 5. Qe2 Nxe4 6. Qxe4 Qd5 7. Qf4 Qf5 8.
Qe3 Qxc2 9. Bd3 Qa4 10. O-O Nd7 11. b3 Qb4 12. Bb2 Nf6 13. Bc4 Nd5 14. Qe4 Qd6
15. Rfe1 e6 16. Rac1 Nf6 17. Qh4 Be7 18. Be5 Qd8 19. Qg3 O-O 20. Re4 g6 21. Rh4
Nd7 22. Bc3 Bxh4 23. Nxh4 Qe7 24. Re1 Nb6 25. Nf5 exf5 26. Rxe7 Nxc4 27. bxc4 f6
28. Qc7 1-0